|
|
|
|
| LEADER |
00000naa2a2200000 4500 |
| 001 |
184633 |
| 005 |
20231031172445.0 |
| 035 |
|
|
|a (RuTPU)RU\TPU\book\200236
|
| 035 |
|
|
|a RU\TPU\tpu\17781
|
| 090 |
|
|
|a 184633
|
| 100 |
|
|
|a 20100916d2007 k y0rusy50 ca
|
| 101 |
0 |
|
|a rus
|
| 102 |
|
|
|a RU
|
| 200 |
1 |
|
|a Практика работы ИТЦ ТПУ в сфере коммерциализации научно-технических разработок
|f В. А. Власов [и др.]
|
| 463 |
|
1 |
|0 (RuTPU)RU\TPU\book\141067
|y 978-5-88942-067-5
|t IX Всесибирский инновационный форум, 11-13 октября 2006 г., Томск
|f Научно-методический центр по инновационной деятельности высшей школы Минобразования России при Тверском государственном университете ; Всесибирский инновационный форум
|v С. 309-312
|d 2007
|p 434 с.
|
| 610 |
1 |
|
|a труды учёных ТПУ
|
| 701 |
|
1 |
|a Власов
|b В. А.
|c российский ученый в области физики и химии плазмы, молекулярной физики
|c профессор Томского политехнического университета
|f 1958-
|g Виктор Алексеевич
|2 stltpush
|3 (RuTPU)RU\TPU\pers\26576
|4 070
|
| 701 |
|
1 |
|a Негруль
|b В. В.
|4 070
|
| 701 |
|
1 |
|a Гончиков
|b В. Ч.
|c российский специалист в области аудита, сертификации и лицензирования
|c начальник технологического отдела Инновационно-технологического центра Томского политехнического университета, кандидат физико-математических наук
|f 1961-
|g Валерий Чирипович
|2 stltpush
|3 (RuTPU)RU\TPU\pers\25766
|4 070
|
| 701 |
|
1 |
|a Селиванова
|b Е. Е.
|4 070
|
| 801 |
|
1 |
|a RU
|b 63413507
|c 20081224
|g PSBO
|
| 801 |
|
2 |
|a RU
|b 63413507
|c 20120517
|g PSBO
|
| 942 |
|
|
|c BK
|